A Text Atlas of Histiocytic Syndromes : (Record no. 600048)

MARC details
000 -LEADER
fixed length control field 00503nam a2200193 a 4500
008 - FIXED-LENGTH DATA ELEMENTS--GENERAL INFORMATION
fixed length control field 251204s1998##################000#0#eng##
020 ## - INTERNATIONAL STANDARD BOOK NUMBER
ISBN 9781853175763
082 04 - DEWEY DECIMAL CLASSIFICATION NUMBER
Classification number 616.07995
Item number CAP
100 1# - MAIN ENTRY--AUTHOR NAME
Personal name Caputo, Ruggero,
245 10 - TITLE STATEMENT
Title A Text Atlas of Histiocytic Syndromes :
260 ## - PUBLICATION, DISTRIBUTION, ETC. (IMPRINT)
Name of publisher CRC Press,
Year of publication 1998.
300 ## - PHYSICAL DESCRIPTION
Number of Pages 170 pages
650 #0 - SUBJECT ADDED ENTRY--TOPICAL TERM
Topical Term Medical.
942 ## - ADDED ENTRY ELEMENTS (KOHA)
Koha item type English Books
Holdings
Withdrawn status Lost status Damaged status Not for loan Home library Current library Shelving location Date acquired Full call number Accession Number Price effective from Koha item type
        Anna Centenary Library Anna Centenary Library 5TH FLOOR, B WING 04.12.2025 616.07995 CAP 470085 04.12.2025 English Books

Find us on the map